000 00824nam a22002297a 4500
005 20220902211745.0
008 220902b |||||||| |||| 00| 0 eng d
020 _a978-83-936631-1-8
040 _cBiblioteca Lado V
050 _a301.019 D993c
_b004900
082 _a301.019
_bD993c
100 _aDworakowska, Zofia
245 _aCreative Communities/
_bField Notes/
246 _aKurybine bendruomenes/
_bLauko uzrasai/
260 _aPolonia
_bInstituto de Cultura Polaca, Universidad de Varsovia
_c2012
300 _a254p.
_c16.5x25cm
650 _2Tesauro de Arte & Arquitectura
_aPSICOLOGIA
650 _2Tesauro de Arte & Arquitectura
_aSOCIOLOGIA
650 _2Tesauro de Arte & Arquitectura
_aCAUSAS SOCIALES
700 _aKubicka, Joanna
_ecoeditora
942 _2ddc
_c1
_h301.019 D993c
_n0
999 _c1932
_d1932